000 00382nam a2200145Ia 4500
008 240729s9999 xx 000 0 und d
022 _a2050-0505
245 0 _aEnergy Science & Engineering
260 _aUnited Kingdom
260 _bWiley
650 _aTechnology | Science
856 _uhttps://doaj.org/toc/b92c3aadcd274d29a551e383549634d8
942 _2ddc
942 _cDOAJEJ
999 _c72528
_d72528
945 _a1
_bMadushi Gamage
_c1
_dMadushi Gamage